American Traditional Songs - Statistics

General Stats
  • This quiz has been taken 20 times
  • The average score is 7 of 15
Answer Stats
% Correct
I come from {Alabama} with a banjo on my knee Oh! Susanna
84%
Stuck a feather in his hat and called it {macaroni} Yankee Doodle
84%
On top of {Old} {Smokey}, all covered with snow On Top of Old Smokey
79%
For purple mountain majesties, above the {fruited} {plain} America the Beautiful
74%
Swing low, sweet chariot, comin' for to {carry} {me} {home} Swing Low, Sweet Chariot
74%
Where seldom is heard a {discouraging} {word} Home on the Range
63%
Be it ever so humble, there's {no} {place} {like} {home} Home Sweet Home
42%
{Buffalo} {gals}, won't you come out tonight, and dance by the light of the moon Buffalo Gals
32%
I've got a mule, her name is Sal, fifteen miles on the {Erie} {Canal} Erie Canal
32%
Can't you hear the whistle blowing, {rise} {up} so early in the morn I've Been Working on the Railroad
26%
Go tell Aunt Rhody the old {gray} {goose} is dead Go Tell Aunt Rhody
21%
You are lost and gone forever, {dreadful} {sorry}, Clementine Oh My Darling Clementine
21%
Hang your head over, hear the {wind} {blow} Down in the Valley
16%
I have been to seek a wife, she's the {joy} of my {life} Billy Boy
11%
I see by your outfit that you are a {cowboy} The Streets of Laredo
11%
No matching quizzes found
Score Distribution
Percent of People with Each Score
Percentile by Number Answered
Your Score History
You have not taken this quiz